000 00886nam a2200241 i 4500
001 140016
003 ES-MaACL
005 20260301183150.0
007 t|
008 070214s1960 sp r ||||1| cat d
100 1 _aSchramm, Percy Ernst.
_9104685
245 1 4 _aEls primers comtes-reis
_b: Ramón Berenguer IV, Alfons el Cast, Pere el Catáolic /
_cPercy Ernst Schramm, Joan F. Cabestany, Enric Bagué.
250 _a1ª. ed.
260 _aBarcelona :
_bTeide,
_c1960.
300 _a150 p., 1 lám. ;
_c21 cm.
600 0 4 _aAlfonso
_bII,
_cRey de Aragón
_919865
600 0 7 _aRamón Berenguer
_bIV,
_cConde de Barcelona,
_dca. 1114-1162
_2
_9161543
600 1 4 _aPedro
_bII
_cRey de Aragón.
_9161544
700 1 _aBagué, Enric,
_d1900-1987
_9161547
700 0 _aCabestany i Fort, Joan-F.
_933188
852 _aES-MaACL
_jC-17964
_bR.45885
999 _c140016
_d140016